000 00333nam a22001337a 4500
003 OSt
005 20160727222354.0
008 160622b xxu||||| |||| 00| 0 eng d
040 _cTEST
100 _9467
_aBergamini, D., et al
245 _aMathematics
260 _aH.K.&Time life books.Inc.
_cH.K.&Time life books.Inc.
942 _2ddc
_cBK
999 _c385
_d385